[Event "Druzynowe Mistrzostwa Polski Juniorow - Ekstraliga Juniorow 2019"]
[Site "DW Globus Ustron Jaszowiec ul. Turystyczna 6"]
[Date "1899-12-30"]
[Round "2.13"]
[White "Nowak, Mikolaj"]
[Black "Kowalski, Igor"]
[Result "1-0"]
[WhiteTitle "I++"]
[BlackTitle "FM"]
[WhiteElo "2230"]
[BlackElo "2320"]

1. d4 Nf6 2. c4 g6 3. Nf3 Bg7 4. g3 O-O 5. Bg2 c6 6. O-O d5 7. cxd5 cxd5 8. Nc3
Ne4 9. Qb3 Nc6 10. Rd1 Nxc3 11. bxc3 Na5 12. Qb4 Bf5 13. Ba3 Re8 14. Nd2 b6 15.
Rac1 Rc8 16. Qb5 Be6 17. e3 Qc7 18. Bb4 Nc4 19. Bxd5 Bxd5 20. Qxd5 Nb2 21. Rf1
Nd3 22. Rcd1 a5 23. Ba3 e5 24. Ne4 Rcd8 25. Nd6 e4 26. Nxe8 Rxe8 27. c4 h5 28.
f3 Bh6 29. fxe4 Bxe3+ 30. Kg2 Nb4 31. Bxb4 axb4 32. e5 Qa7 33. Rf3 Bg5 34. Rdf1
Re7 35. h4 Bh6 36. R1f2 Rd7 37. Qe4 Re7 38. d5 Bg7 39. e6 f5 40. Qf4 Kh7 41. Re2
b5 42. d6 Re8 43. d7 Ra8 44. Qd6 b3 45. Rxb3 bxc4 46. Rf3 Rb8 47. Qxb8 Qxb8 48.
e7 c3 49. e8=Q Qb1 50. d8=Q 1-0

[Event "Druzynowe Mistrzostwa Polski Juniorow - Ekstraliga Juniorow 2019"]
[Site "DW Globus Ustron Jaszowiec ul. Turystyczna 6"]
[Date "1899-12-30"]
[Round "2.14"]
[White "Kokoszczynski, Jan"]
[Black "Posluszny, Tomasz"]
[Result "1-0"]
[WhiteTitle "k"]
[BlackTitle "I+"]
[WhiteElo "2238"]
[BlackElo "1888"]

1. e4 c5 2. Nf3 e6 3. d4 cxd4 4. Nxd4 Nc6 5. Nc3 Nf6 6. Ndb5 Bb4 7. Bf4 Nxe4 8.
Qf3 d5 9. Nc7+ Kf8 10. Nxa8 e5 11. Bd2 Nd4 12. Qd1 Qh4 13. g3 Qf6 14. Nxe4 Nf3+
15. Qxf3 Qxf3 16. Bxb4+ Kg8 17. Nd6 Qxh1 18. O-O-O Be6 19. Nc7 Qf3 20. c4 Qxf2
21. cxd5 Bg4 22. Re1 Qb6 23. Ncb5 a6 24. Rxe5 h6 25. Bd3 f5 26. Nc8 Qd8 27. Nbd6
Kh7 28. Bc3 Rf8 29. Re7 Rg8 30. Kc2 Bh5 31. g4 Bxg4 32. Nxf5 Bxf5 33. Bxf5+ Kh8
34. Be6 Qf8 35. Bxg8 Qf2+ 36. Kb3 Kxg8 37. d6 Qc5 38. d7 Qb5+ 39. Ka3 Qc5+ 40.
Bb4 1-0

[Event "Druzynowe Mistrzostwa Polski Juniorow - Ekstraliga Juniorow 2019"]
[Site "DW Globus Ustron Jaszowiec ul. Turystyczna 6"]
[Date "1899-12-30"]
[Round "2.15"]
[White "Seemann, Jakub"]
[Black "Fiszer, Bartosz"]
[Result "0-1"]
[WhiteTitle "I+"]
[BlackTitle "CM"]
[WhiteElo "2017"]
[BlackElo "2105"]

1. e4 c5 2. Nf3 Nc6 3. Bb5 e6 4. O-O Nge7 5. d4 cxd4 6. Nxd4 Qb6 7. Nxc6 Nxc6 8.
Be2 Be7 9. Nc3 O-O 10. Nb5 a6 11. Be3 Qa5 12. Nd6 Qe5 13. Nxc8 Raxc8 14. c3 Rfd8
15. Bb6 Re8 16. Qxd7 Qxe4 17. Bf3 Qc4 18. Qxb7 Ne5 19. Qe4 Nxf3+ 20. Qxf3 Qb5
21. Bd4 e5 22. a4 Qb8 23. Be3 Qxb2 24. Rab1 Qxc3 25. Rfc1 Qd3 26. Qb7 Rxc1+ 27.
Rxc1 Ba3 28. Re1 h6 29. h3 Re6 30. Rb1 Qc2 31. Qb3 Qxb3 32. Rxb3 Be7 33. a5 f5
34. Rb8+ Kf7 35. Bb6 Kf6 36. Ra8 Bb4 37. Kf1 f4 38. f3 Kf5 39. Ra7 g5 40. Ke2
Rd6 41. Rxa6 Bxa5 42. Rxa5 Rxb6 43. Ra8 Ke6 44. Re8+ Kd5 45. Rd8+ Kc5 46. Rc8+
Rc6 47. Re8 Kd4 48. Rd8+ Kc3 49. Re8 Kd4 50. Rd8+ Kc5 51. Re8 Kd5 52. Rd8+ Ke6
53. Rh8 Kf5 54. Rf8+ Kg6 55. Rg8+ Kh5 56. Re8 Kh4 57. Rxe5 Kg3 58. Kf1 Rc1+ 59.
Ke2 Rc2+ 60. Ke1 Rxg2 61. Re6 h5 62. Re5 Kxf3 63. h4 gxh4 64. Rxh5 Rh2 65. Rh8
h3 66. Rh7 Rh1+ 67. Kd2 h2 68. Rh3+ Kg2 69. Rh8 Ra1 70. Kc2 0-1

[Event "Druzynowe Mistrzostwa Polski Juniorow - Ekstraliga Juniorow 2019"]
[Site "DW Globus Ustron Jaszowiec ul. Turystyczna 6"]
[Date "1899-12-30"]
[Round "2.16"]
[White "Grzadka, Artur"]
[Black "Oleksy, Krzysztof"]
[Result "1/2-1/2"]
[WhiteTitle "I"]
[BlackTitle "I"]
[WhiteElo "1582"]
[BlackElo "1878"]

1. d4 Nf6 2. c4 e6 3. Nc3 Bb4 4. Nf3 O-O 5. Bg5 d5 6. cxd5 exd5 7. e3 c6 8. Bd3
Nbd7 9. Qc2 h6 10. Bh4 Re8 11. O-O Be7 12. a3 Ne4 13. Bxe7 Qxe7 14. b4 a6 15.
Rab1 Nb6 16. Nd2 f5 17. Be2 Bd7 18. Ndxe4 fxe4 19. a4 Qg5 20. Rfc1 Bg4 21. Bxg4
Qxg4 22. b5 axb5 23. axb5 Nc4 24. Ra1 Reb8 25. bxc6 bxc6 26. Rxa8 Rxa8 27. h3
Qg6 28. Ne2 Qd6 29. Ng3 Nxe3 30. Qxc6 Qxc6 31. Rxc6 Ra1+ 32. Kh2 Nd1 33. Rc5 e3
34. fxe3 Nxe3 35. Rc3 Nc4 36. Nf5 Ra7 37. Ne3 Nxe3 38. Rxe3 Ra4 39. Rd3 Kf7 40.
Kg3 Kf6 41. Kg4 Ra2 42. Kf3 Ra4 43. Kg4 g6 44. Kf3 Kg5 45. g3 h5 46. Ke3 Ra1 47.
Rc3 Re1+ 48. Kd3 Rg1 49. Ke2 h4 50. Kf2 Rd1 51. gxh4+ Kxh4 52. Ke3 Rh1 53. Rc5
Rxh3+ 54. Kf4 g5+ 55. Ke5 g4 56. Kxd5 Re3 57. Rc8 g3 58. Rc1 Kh3 59. Rg1 Kh2 60.
Rd1 g2 61. Kd6 g1=Q 62. Rxg1 Kxg1 63. d5 Kf2 64. Kd7 Kf3 65. d6 Ke4 66. Kc8 Rc3+
67. Kb8 Rb3+ 68. Kc8 Rc3+ 69. Kb8 Rd3 70. Kc7 Ke5 71. d7 Rxd7+ 72. Kxd7 Kd4 1/2-1/2

[Event "Druzynowe Mistrzostwa Polski Juniorow - Ekstraliga Juniorow 2019"]
[Site "DW Globus Ustron Jaszowiec ul. Turystyczna 6"]
[Date "1899-12-30"]
[Round "2.17"]
[White "Kucharska, Honorata"]
[Black "Moscicka, Pola"]
[Result "0-1"]
[WhiteTitle "WFM"]
[BlackTitle "k++"]
[WhiteElo "2054"]
[BlackElo "1858"]

1. e4 c5 2. Nf3 Nc6 3. d4 cxd4 4. Nxd4 Nf6 5. Nc3 d6 6. Bg5 e6 7. Be2 a6 8. O-O
Bd7 9. Kh1 h6 10. Be3 b5 11. a3 Be7 12. f4 Rg8 13. f5 Ne5 14. Bf4 g5 15. fxe6
fxe6 16. Bg3 g4 17. Qc1 h5 18. Qe3 Qb6 19. Rad1 O-O-O 20. Bf2 Qb7 21. Nb3 Nh7
22. a4 Nc4 23. Bxc4 bxc4 24. Na5 Qc7 25. Qb6 Qxb6 26. Bxb6 Rdf8 27. Rfe1 g3 28.
Rd4 Kb8 29. Rxc4 Rc8 30. Rb4 Ka8 31. Be3 Rb8 32. Rxb8+ Rxb8 33. Nc4 Bc6 34. Nb6+
Kb7 35. b4 Nf6 36. Nc4 Kc7 37. Rb1 Nxe4 38. Nxe4 Bxe4 39. b5 gxh2 40. Nd2 Bb7
41. b6+ Kd7 42. Kxh2 Rg8 43. Nf3 Rc8 44. Ne1 e5 45. a5 Ke6 46. Rc1 d5 47. Nf3
d4 48. Bd2 Bd6 49. Ng5+ Kd5 50. Nf7 Ba3 51. Ra1 Bb2 52. Re1 e4 53. Rf1 e3 54.
Bb4 Rxc2 55. Nd8 Rf2 56. Rb1 Bc6 57. Be1 Rc2 58. Kg3 d3 59. Rd1 d2 60. b7 Be5+
61. Kf3 Rc1 62. Nxc6 Rxd1 63. Nxe5 Rb1 0-1

[Event "Druzynowe Mistrzostwa Polski Juniorow - Ekstraliga Juniorow 2019"]
[Site "DW Globus Ustron Jaszowiec ul. Turystyczna 6"]
[Date "1899-12-30"]
[Round "2.18"]
[White "Zabrzanska, Weronika"]
[Black "Kucharska, Helena"]
[Result "1-0"]
[WhiteTitle "I++"]
[BlackTitle "I"]
[WhiteElo "1748"]
[BlackElo "1543"]

1. d4 d5 2. Nf3 Nf6 3. e3 Nbd7 4. Bd3 e6 5. O-O c5 6. b3 Bd6 7. Bb2 Qc7 8. Nbd2
b6 9. e4 e5 10. dxe5 Nxe5 11. Bb5+ Bd7 12. Bxd7+ Kxd7 13. exd5 Neg4 14. h3 Nh2
15. Nxh2 Bxh2+ 16. Kh1 Be5 17. Bxe5 Qxe5 18. c4 g5 19. Nf3 Qf5 20. Qb1 Ne4 21.
Nxg5 Rae8 22. Nxe4 Rxe4 23. f3 Re5 24. Qxf5+ Rxf5 25. Rfe1 Rg8 26. Re2 Rfg5 27.
Rae1 R8g7 28. g4 Kd6 29. Re8 h5 30. h4 R5g6 31. g5 f5 32. f4 Rf7 33. Kg2 Rgg7
34. R1e6+ Kc7 35. Kf3 Rh7 36. g6 Rhg7 37. gxf7 Rxf7 38. R6e7+ Rxe7 39. Rxe7+ Kd6
40. Rf7 a5 41. Rxf5 a4 42. Rxh5 b5 43. Rh6+ Kd7 44. cxb5 Kc7 45. d6+ Kd7 46. b6
c4 47. b7 axb3 48. b8=Q bxa2 49. Qc7+ Ke8 50. Rh8# 1-0

[Event "Druzynowe Mistrzostwa Polski Juniorow - Ekstraliga Juniorow 2019"]
[Site "DW Globus Ustron Jaszowiec ul. Turystyczna 6"]
[Date "1899-12-30"]
[Round "2.19"]
[White "Polczyk, Mikolaj"]
[Black "Lukasiewicz, Krzysztof"]
[Result "1/2-1/2"]
[WhiteTitle "k"]
[BlackTitle "k"]
[WhiteElo "2182"]
[BlackElo "2172"]

1. d4 Nf6 2. c4 e6 3. Nf3 d5 4. g3 dxc4 5. Qa4+ Nbd7 6. Bg2 a6 7. Qxc4 b5 8. Qc2
Bb7 9. a3 c5 10. dxc5 Bxc5 11. O-O Rc8 12. Nc3 O-O 13. Bd2 Qb6 14. Qb1 Rfd8 15.
b4 Bxf2+ 16. Rxf2 Ng4 17. Qe1 Ndf6 18. e3 Nxf2 19. Qxf2 Ng4 20. Qe2 Rxd2 21. Qxd2
Nxe3 22. Rc1 Nc2+ 23. Kh1 Nxa3 24. Qd4 Nc4 25. Qxb6 Nxb6 26. Ne2 Rd8 27. Rc7 Ba8
28. Ra7 Rd1+ 29. Nfg1 Bxg2+ 30. Kxg2 g6 31. Rxa6 Nd5 32. Ra5 Nxb4 33. Rxb5 Nd5
34. Kf2 h5 35. Nf3 Nf6 36. Ne5 Ne4+ 37. Kf3 Nd6 38. Rb4 Kg7 39. Ra4 Rd5 40. Nc6
Rd3+ 41. Kf2 Rd2 42. Ke3 Rb2 43. Ne5 Kf6 44. Nd3 Rc2 45. Nf2 Kg7 46. Ne4 Nf5+
47. Kf3 Rc7 48. Nf4 Rb7 49. Ra6 Rb3+ 50. Kg2 Rb2+ 51. Kg1 Rb1+ 52. Kf2 Rb2+ 53.
Kg1 Rb1+ 54. Kf2 Rb2+ 55. Kg1 Rb1+ 56. Kf2 1/2-1/2

[Event "Druzynowe Mistrzostwa Polski Juniorow - Ekstraliga Juniorow 2019"]
[Site "DW Globus Ustron Jaszowiec ul. Turystyczna 6"]
[Date "1899-12-30"]
[Round "2.20"]
[White "Sernecki, Franciszek"]
[Black "Panek, Bartosz"]
[Result "1-0"]
[WhiteTitle "I++"]
[BlackTitle "I"]
[WhiteElo "2283"]
[BlackElo "2033"]

1. c4 Nf6 2. Nc3 c6 3. e4 e5 4. Nf3 d6 5. d4 Nbd7 6. Be2 Be7 7. O-O O-O 8. Qc2
Qc7 9. h3 a5 10. Be3 Rd8 11. Rfd1 b6 12. Rac1 Bb7 13. d5 cxd5 14. exd5 Ba6 15.
Nd2 Nc5 16. a3 Rdc8 17. Ra1 a4 18. Bxc5 bxc5 19. Qxa4 Rcb8 20. Qc2 Bd8 21. Rdb1
Qc8 22. b4 cxb4 23. axb4 Bb6 24. Nde4 Nxe4 25. Nxe4 Bd4 26. Ra3 Qc7 27. Ng5 g6
28. Rf3 Rf8 29. Rf6 Bc8 30. Ne4 Bf5 31. Rxf5 gxf5 32. Nf6+ Kg7 33. Qxf5 Qe7 34.
Qxh7+ 1-0

[Event "Druzynowe Mistrzostwa Polski Juniorow - Ekstraliga Juniorow 2019"]
[Site "DW Globus Ustron Jaszowiec ul. Turystyczna 6"]
[Date "1899-12-30"]
[Round "2.21"]
[White "Jeda, Maciej"]
[Black "Wieczorek, Mikolaj"]
[Result "0-1"]
[WhiteTitle "I"]
[BlackTitle "I"]
[WhiteElo "1798"]
[BlackElo "1751"]

1. e4 c5 2. Nf3 d6 3. d4 cxd4 4. Nxd4 Nf6 5. Nc3 a6 6. Be2 e5 7. Nb3 Be6 8. Be3
Be7 9. O-O Nc6 10. a4 O-O 11. Qd2 d5 12. exd5 Nxd5 13. Nxd5 Qxd5 14. Qxd5 Bxd5
15. c4 Be6 16. Nc5 Bxc5 17. Bxc5 Rfd8 18. Be3 Nd4 19. Bxd4 Rxd4 20. Rfd1 Rad8
21. Rxd4 Rxd4 22. b3 f5 23. Ra2 Kf7 24. a5 Ke7 25. Rc2 f4 26. Kf1 Bf5 27. Rb2
Bd3 28. Bxd3 Rxd3 29. Ke2 e4 30. b4 Rc3 31. b5 Rxc4 32. bxa6 bxa6 33. Rb6 Rc2+
34. Ke1 e3 35. fxe3 fxe3 36. Kf1 Rf2+ 37. Kg1 Rf6 38. Rb3 e2 39. Re3+ Re6 40.
Rxe6+ Kxe6 41. Kf2 Kd5 42. Kxe2 Kc5 43. Kd3 Kb5 44. Kd4 Kxa5 45. Kc5 Ka4 46. Kc4
a5 47. h3 h6 48. h4 h5 0-1

[Event "Druzynowe Mistrzostwa Polski Juniorow - Ekstraliga Juniorow 2019"]
[Site "DW Globus Ustron Jaszowiec ul. Turystyczna 6"]
[Date "1899-12-30"]
[Round "2.22"]
[White "Halhoul, Adam"]
[Black "Piechota, Kamil"]
[Result "0-1"]
[WhiteTitle "II+"]
[BlackTitle "I"]
[WhiteElo "1609"]
[BlackElo "1641"]

1. d4 d5 2. c4 e6 3. Nc3 Nf6 4. cxd5 Nxd5 5. e4 Nxc3 6. bxc3 c5 7. Nf3 Nc6 8. Rb1
cxd4 9. cxd4 Be7 10. Be2 O-O 11. O-O a6 12. a4 Bf6 13. Ba3 Re8 14. Bc5 Be7 15.
Bb6 Qd7 16. Qb3 Bd8 17. Rfd1 Na5 18. Qc3 Bxb6 19. Rxb6 Nc6 20. Bc4 Qc7 21. a5
Nxa5 22. Qxa5 Qxc4 23. Rd6 f6 24. Qa3 Qb5 25. e5 b6 26. Qa2 Rb8 27. Qc2 Bb7 28.
Rb1 Qa5 29. exf6 gxf6 30. Rd7 Qf5 31. Qxf5 exf5 32. Rxb6 Bc6 33. Rxb8 Rxb8 34.
Re7 Rb1+ 35. Re1 Rxe1+ 36. Nxe1 Kf7 37. Nd3 a5 38. f3 Bb5 39. Nc5 a4 40. Kf2 a3
41. Nb3 Bc4 42. Na1 Ke6 43. Ke3 Kd5 44. Kd2 a2 45. Kc3 f4 46. Nc2 h5 47. g3 fxg3
48. hxg3 f5 49. f4 Bb5 50. Nb4+ Ke4 51. Nxa2 Kf3 52. Kd2 Kxg3 53. Nc3 h4 54. Nxb5
h3 55. Nc3 h2 56. Ne2+ Kf2 57. Nc1 h1=Q 58. Nd3+ Kf3 59. d5 Qh6 60. Kc3 Ke4 61.
Kc4 Qa6+ 0-1

[Event "Druzynowe Mistrzostwa Polski Juniorow - Ekstraliga Juniorow 2019"]
[Site "DW Globus Ustron Jaszowiec ul. Turystyczna 6"]
[Date "1899-12-30"]
[Round "2.23"]
[White "Bilczewska, Olga"]
[Black "Frej, Zofia"]
[Result "0-1"]
[WhiteTitle "I++"]
[BlackTitle "k"]
[WhiteElo "1691"]
[BlackElo "1903"]

1. e4 e6 2. d4 d5 3. Nc3 Nf6 4. Bg5 dxe4 5. Nxe4 Be7 6. Nxf6+ Bxf6 7. Bxf6 Qxf6
8. Nf3 O-O 9. Bd3 Nc6 10. c3 e5 11. dxe5 Nxe5 12. Nxe5 Qxe5+ 13. Qe2 Re8 14. Qxe5
Rxe5+ 15. Kd2 Be6 16. Rhe1 Ra5 17. a3 Rd8 18. Kc2 Rad5 19. Rad1 Kf8 20. Be4 Rxd1
21. Rxd1 Bb3+ 22. Kxb3 Rxd1 23. Bxb7 Rf1 24. f3 Rf2 25. g4 Rxh2 26. Be4 g6 27.
c4 h5 28. gxh5 gxh5 29. Kc3 h4 0-1

[Event "Druzynowe Mistrzostwa Polski Juniorow - Ekstraliga Juniorow 2019"]
[Site "DW Globus Ustron Jaszowiec ul. Turystyczna 6"]
[Date "1899-12-30"]
[Round "2.24"]
[White "Scisla, Oliwia"]
[Black "Bugaj, Hanna"]
[Result "0-1"]
[WhiteTitle "I++"]
[BlackTitle "I"]
[WhiteElo "1247"]
[BlackElo "1566"]

1. e4 c5 2. Nc3 e6 3. g3 d5 4. exd5 exd5 5. Bg2 Nf6 6. d3 d4 7. Qe2+ Be7 8. Ne4
Nxe4 9. Bxe4 O-O 10. Qf3 Nc6 11. Bf4 Be6 12. Ne2 Qd7 13. Qh5 f5 14. Bg2 Nb4 15.
Kd2 c4 16. a3 cxd3 17. cxd3 Qb5 18. Nc1 Rac8 19. Rd1 Rc2+ 20. Ke1 Nd5 21. Bxd5
Qxd5 22. Qh3 g5 23. Rd2 Rfc8 24. Rxc2 Rxc2 25. Bd2 Qh1+ 26. Ke2 g4 27. Qh6 Bd5
28. f4 Qg2+ 0-1

[Event "Druzynowe Mistrzostwa Polski Juniorow - Ekstraliga Juniorow 2019"]
[Site "DW Globus Ustron Jaszowiec ul. Turystyczna 6"]
[Date "1899-12-30"]
[Round "2.25"]
[White "Kosakowski, Jakub"]
[Black "Gumularz, Szymon"]
[Result "1/2-1/2"]
[WhiteTitle "FM"]
[BlackTitle "IM"]
[WhiteElo "2390"]
[BlackElo "2495"]

1. e4 e5 2. Nf3 Nc6 3. Bc4 Bc5 4. O-O Nf6 5. d3 d6 6. c3 a5 7. a4 h6 8. Re1 O-O
9. Nbd2 Ne7 10. Nf1 Ng6 11. Ng3 Re8 12. h3 Be6 13. Bxe6 Rxe6 14. d4 Bb6 15. Qc2
c6 16. Be3 Qc7 17. Rad1 Rae8 18. d5 cxd5 19. exd5 R6e7 20. Bxb6 Qxb6 21. Nd2 Nf4
22. Nc4 Qc5 23. Qb3 Rc7 24. Ne3 h5 25. Qb5 Rd8 26. Qxc5 Rxc5 27. c4 g6 28. b3
h4 29. Ngf1 Rc7 30. Nd2 Kg7 31. Nf3 Rh8 32. Nc2 Nd7 33. Na3 Nc5 34. Re3 f5 35.
Ne1 Kf6 36. Rb1 g5 37. Nb5 Rd7 38. Nc3 Rg8 39. f3 g4 40. fxg4 fxg4 41. hxg4 Rxg4
42. Kh2 Rdg7 43. Rb2 Rg3 44. Rf3 Kf5 45. Rxg3 hxg3+ 46. Kg1 e4 47. Nc2 Ke5 48.
Rb1 Rh7 49. Re1 Nxg2 50. Kxg2 Rh2+ 51. Kxg3 Rxc2 52. Nb5 Nxb3 53. Rh1 Rxc4 54.
Rh5+ Kf6 55. Nxd6 Rxa4 56. Kf4 e3+ 57. Kxe3 Nc5 58. Rh7 Rb4 59. Ne8+ Kg6 60. Rg7+
Kh6 61. Rc7 b6 62. Nd6 Kg6 63. Nc8 a4 64. Ke4 1/2-1/2

[Event "Druzynowe Mistrzostwa Polski Juniorow - Ekstraliga Juniorow 2019"]
[Site "DW Globus Ustron Jaszowiec ul. Turystyczna 6"]
[Date "1899-12-30"]
[Round "2.26"]
[White "Czopor, Maciej"]
[Black "Pytel, Maciej"]
[Result "1/2-1/2"]
[WhiteTitle "k"]
[BlackTitle "k"]
[WhiteElo "2250"]
[BlackElo "1988"]

1. e4 c5 2. Nf3 e6 3. d4 cxd4 4. Nxd4 a6 5. c4 Nf6 6. Nc3 Bb4 7. Qd3 d5 8. exd5
exd5 9. Be2 Nc6 10. Nxc6 bxc6 11. O-O O-O 12. cxd5 Nxd5 13. Nxd5 Qxd5 14. Qg3
Bf5 15. Rd1 Qe6 16. Be3 a5 17. Rac1 Rad8 18. Rxd8 Rxd8 19. Qc7 Rc8 20. Qb7 Qf6
21. Bc4 Rf8 22. a3 Bd6 23. Qxc6 Bxh2+ 24. Kxh2 Qxc6 25. Bxf7+ Rxf7 26. Rxc6 a4
27. Rc4 Bd7 28. Rb4 Rf8 29. Bd4 Rf4 30. f3 Kf7 31. Kg3 Rf5 32. Bc3 g6 33. Rb8
Ke6 34. Kf2 Kd6 35. g4 Rf7 36. Kg3 g5 37. Bd2 Kc7 38. Rb4 Bc6 39. f4 gxf4+ 40.
Bxf4+ Kd8 41. Rc4 Kd7 42. Rd4+ Kc8 43. Rd6 Kb7 44. Rd8 Be4 45. Rb8+ Ka6 46. Rb4
Bc2 47. Be5 Rb7 48. Rf4 Rb6 49. Bf6 Rc6 50. Kh4 Kb5 51. Bc3 Rc4 52. Rf7 Rc6 53.
Rg7 Rh6+ 54. Kg3 Rg6 55. Rxg6 hxg6 1/2-1/2

[Event "Druzynowe Mistrzostwa Polski Juniorow - Ekstraliga Juniorow 2019"]
[Site "DW Globus Ustron Jaszowiec ul. Turystyczna 6"]
[Date "1899-12-30"]
[Round "2.27"]
[White "Karolczuk, Iwo"]
[Black "Luberanski, Jakub"]
[Result "1-0"]
[WhiteTitle "I++"]
[BlackTitle "I++"]
[WhiteElo "2031"]
[BlackElo "2010"]

1. c4 Nf6 2. g3 c5 3. Bg2 e6 4. Nf3 Be7 5. O-O O-O 6. Nc3 d6 7. d4 cxd4 8. Nxd4
a6 9. b3 Qc7 10. Bb2 Nbd7 11. Rc1 Rb8 12. Qd2 Ne5 13. h3 Bd7 14. e4 Nc6 15. Nd5
exd5 16. cxd5 Qb6 17. dxc6 bxc6 18. Rfe1 d5 19. Nc2 Be6 20. exd5 cxd5 21. Qe3
Qxe3 22. Nxe3 Rfd8 23. Red1 Ne4 24. Be5 Rb7 25. Nxd5 Bxd5 26. Rxd5 Rxd5 27. Bxe4
Rxe5 28. Bxb7 a5 29. Rc8+ Bf8 30. Ba6 Rc5 31. Ra8 Rc1+ 32. Kg2 Rc2 33. a4 Rc5
34. Bc4 g6 35. Ra7 Rf5 36. g4 Rxf2+ 37. Kg1 1-0

[Event "Druzynowe Mistrzostwa Polski Juniorow - Ekstraliga Juniorow 2019"]
[Site "DW Globus Ustron Jaszowiec ul. Turystyczna 6"]
[Date "1899-12-30"]
[Round "2.28"]
[White "Madej, Marek"]
[Black "Budzisz, Adrian"]
[Result "1-0"]
[WhiteTitle "I"]
[BlackTitle "I"]
[WhiteElo "1843"]
[BlackElo "1796"]

1. e4 c5 2. Nf3 e6 3. d4 cxd4 4. Nxd4 a6 5. Bd3 Nf6 6. O-O d6 7. Be3 Qc7 8. Qe2
Nbd7 9. Nd2 b6 10. a4 Bb7 11. f3 Ne5 12. a5 b5 13. c4 bxc4 14. Nxc4 Nxc4 15. Rfc1
d5 16. exd5 Qe5 17. Bxc4 Nxd5 18. Bb5+ Ke7 19. Bc6 Nxe3 20. Ra4 Rd8 21. Qd3 Kf6
22. Bxb7 Nf5 23. f4 Qxf4 24. Rf1 Rxd4 25. Rxd4 Qe5 26. b4 Kg5 27. Qd2+ Qe3+ 28.
Qxe3+ Nxe3 29. Rxf7 Nf5 30. Rd8 Bc5+ 31. bxc5 Rxd8 32. c6 Rd1+ 33. Kf2 Rc1 34.
c7 Nd6 35. Rd7 Nxb7 36. Rxg7+ Kf6 37. c8=Q Rxc8 38. Rxb7 h5 39. Rb6 Ra8 40. Kf3
Kf5 41. g3 e5 42. h4 Rc8 43. Rxa6 Rc3+ 44. Kf2 Ra3 45. Ra8 Ke4 46. a6 Ra2+ 47.
Kg1 Ke3 48. a7 e4 49. g4 hxg4 50. h5 Ra6 51. h6 Rxh6 52. Re8 Ra6 53. a8=Q Rxa8
54. Rxa8 Kf3 55. Rf8+ Ke3 56. Kf1 Kd2 57. Rg8 e3 58. Rd8+ 1-0

[Event "Druzynowe Mistrzostwa Polski Juniorow - Ekstraliga Juniorow 2019"]
[Site "DW Globus Ustron Jaszowiec ul. Turystyczna 6"]
[Date "1899-12-30"]
[Round "2.29"]
[White "Koruch, Maria"]
[Black "Harazinska, Magdalena"]
[Result "0-1"]
[WhiteTitle "I+"]
[BlackTitle "WFM"]
[WhiteElo "1677"]
[BlackElo "2004"]

1. e4 c5 2. Nf3 e6 3. d4 cxd4 4. Nxd4 Nf6 5. Nc3 d6 6. g4 h6 7. Be3 a6 8. Rg1 b5
9. f3 b4 10. Nce2 e5 11. Nf5 d5 12. Qd3 dxe4 13. fxe4 Qxd3 14. cxd3 g6 15. Nxh6
Bxh6 16. Bxh6 Rxh6 17. g5 Rxh2 18. gxf6 Nd7 19. Rg5 Rh5 20. Rxh5 gxh5 21. Rc1
Nxf6 22. Rc5 Nd7 23. Rc6 Nf8 24. Rh6 Bg4 25. Ng3 Ng6 26. Nxh5 Ke7 27. Ng3 Be6
28. b3 a5 29. Bh3 a4 30. Bxe6 Kxe6 31. bxa4 Rxa4 32. Rh2 Nf4 33. Rd2 Ra3 34. Nf5
Nxd3+ 35. Ke2 Nf4+ 36. Kf2 Kf6 37. Ne3 Kg5 38. Kf3 Ne6 39. Rb2 Nd4+ 40. Kf2 Kf4
41. Nd5+ Kxe4 42. Nxb4 f5 43. Rb1 f4 44. Re1+ Kf5 45. Rh1 Ra4 46. Rb1 e4 47. Nd5
Rxa2+ 48. Kf1 e3 49. Re1 Rf2+ 50. Kg1 Nf3+ 51. Kh1 Rh2# 0-1

[Event "Druzynowe Mistrzostwa Polski Juniorow - Ekstraliga Juniorow 2019"]
[Site "DW Globus Ustron Jaszowiec ul. Turystyczna 6"]
[Date "1899-12-30"]
[Round "2.30"]
[White "Pawicka, Magdalena"]
[Black "Szczotka, Klara"]
[Result "1-0"]
[WhiteTitle "I"]
[BlackTitle "I++"]
[WhiteElo "1700"]
[BlackElo "1786"]

1. e4 c5 2. Nf3 e6 3. d4 cxd4 4. Nxd4 a6 5. Nc3 Qc7 6. Bd3 Nf6 7. Qe2 d6 8. f4
Nbd7 9. a4 b6 10. O-O Bb7 11. Kh1 Be7 12. Bd2 g6 13. Rae1 e5 14. Nf3 Nc5 15. b4
Nxd3 16. cxd3 Rc8 17. Rc1 Qb8 18. b5 a5 19. d4 exd4 20. Nxd4 O-O 21. Nd5 Bd8 22.
Nc6 Bxc6 23. bxc6 Re8 24. c7 Rxc7 25. Nxc7 Bxc7 26. e5 dxe5 27. f5 Bd8 28. fxg6
hxg6 29. Bg5 Re6 30. Qa6 Qd6 31. Rfd1 Qf8 32. Rxd8 Qxd8 33. Rc8 Rd6 34. Rxd8+
Rxd8 35. h3 Rd1+ 36. Kh2 Nd5 37. Bh6 Kh7 38. Bf8 e4 39. Qb7 Kg8 40. Qc8 Kh7 41.
Qe8 1-0

[Event "Druzynowe Mistrzostwa Polski Juniorow - Ekstraliga Juniorow 2019"]
[Site "DW Globus Ustron Jaszowiec ul. Turystyczna 6"]
[Date "1899-12-30"]
[Round "3.1"]
[White "Gumularz, Szymon"]
[Black "Psyk, Radoslaw"]
[Result "1-0"]
[WhiteTitle "IM"]
[BlackTitle "k++"]
[WhiteElo "2495"]
[BlackElo "2311"]

1. d4 Nf6 2. c4 e6 3. Nf3 b6 4. Bf4 Bb7 5. e3 d5 6. Nc3 Bd6 7. Bg5 Nbd7 8. cxd5
exd5 9. Bd3 O-O 10. O-O a6 11. Rc1 Re8 12. Bf5 Re7 13. Re1 h6 14. Bh4 g5 15. Bg3
Bxg3 16. hxg3 Ne4 17. Qb3 Ndf6 18. Ne5 Qd6 19. g4 Kg7 20. Ne2 c5 21. f3 Nd2 22.
Qc3 cxd4 23. exd4 Nc4 24. Ng3 Kg8 25. b3 Na3 26. Bd3 Rc8 27. Qd2 Rec7 28. Nf5
Qf8 29. Rxc7 Rxc7 30. Rc1 Rc8 31. Rc3 Nb5 32. Bxb5 axb5 33. Qc1 Kh8 34. Nxh6 Kh7
35. Nhxf7 Rxc3 36. Nxg5+ Kg8 37. Qxc3 Bc8 38. Ng6 1-0

[Event "Druzynowe Mistrzostwa Polski Juniorow - Ekstraliga Juniorow 2019"]
[Site "DW Globus Ustron Jaszowiec ul. Turystyczna 6"]
[Date "1899-12-30"]
[Round "3.2"]
[White "Malicka, Maria"]
[Black "Czopor, Maciej"]
[Result "0-1"]
[WhiteTitle "WCM"]
[BlackTitle "k"]
[WhiteElo "2115"]
[BlackElo "2250"]

1. e4 c5 2. Nf3 d6 3. d4 Nf6 4. Nc3 cxd4 5. Nxd4 a6 6. Bg5 Nbd7 7. a4 Qc7 8. a5
e6 9. Be2 Be7 10. Nb3 O-O 11. O-O Nc5 12. Nxc5 Qxc5 13. Be3 Qc7 14. Bb6 Qb8 15.
f4 e5 16. fxe5 dxe5 17. Nd5 Nxd5 18. exd5 Bd6 19. c4 e4 20. h3 Bd7 21. Bd4 f5
22. c5 Bg3 23. Bc4 Kh8 24. d6 Qe8 25. Qd2 f4 26. Bd5 Qg6 27. Bxb7 Rae8 28. c6
Bxh3 29. gxh3 f3 30. Kh1 Qf5 31. d7 Qxh3+ 32. Kg1 Re6 33. Bxg7+ Kxg7 34. Qg5+
Rg6 35. Qe7+ Rf7 36. Qxf7+ Kxf7 37. Rf2 Bh2+ 38. Kh1 Bg1+ 0-1

[Event "Druzynowe Mistrzostwa Polski Juniorow - Ekstraliga Juniorow 2019"]
[Site "DW Globus Ustron Jaszowiec ul. Turystyczna 6"]
[Date "1899-12-30"]
[Round "3.3"]
[White "Luberanski, Jakub"]
[Black "Iwaszkiewicz, Krzysztof"]
[Result "1-0"]
[WhiteTitle "I++"]
[BlackTitle "I"]
[WhiteElo "2010"]
[BlackElo "1770"]

1. d4 d5 2. Bf4 Nf6 3. e3 c5 4. c3 Nc6 5. Nd2 e6 6. Ngf3 Bd6 7. Bg3 O-O 8. Bd3
Re8 9. Ne5 Ne7 10. O-O Ng6 11. h4 Bxe5 12. dxe5 Nd7 13. Qh5 f5 14. Nf3 Ndf8 15.
Bf4 Bd7 16. Kh2 Bc6 17. Rad1 d4 18. Bc4 b5 19. Be2 Qd5 20. cxd4 cxd4 21. Rxd4
Qxa2 22. Rd2 Bxf3 23. Bxf3 Rad8 24. Rfd1 Qa5 25. Rd6 Rxd6 26. exd6 h6 27. g4 Rd8
28. gxf5 exf5 29. Qxf5 Nxh4 30. Bd5+ Kh8 31. Qf7 Nfg6 32. d7 Nxf4 33. Qxf4 Ng6
34. Qg3 1-0

[Event "Druzynowe Mistrzostwa Polski Juniorow - Ekstraliga Juniorow 2019"]
[Site "DW Globus Ustron Jaszowiec ul. Turystyczna 6"]
[Date "1899-12-30"]
[Round "3.4"]
[White "Klim, Filip"]
[Black "Starosciak, Szymon"]
[Result "1-0"]
[WhiteTitle "I"]
[BlackTitle "I"]
[WhiteElo "1557"]
[BlackElo "1697"]

1. e4 c5 2. Nf3 Nc6 3. d4 cxd4 4. Nxd4 Nf6 5. Nc3 d6 6. Bg5 e6 7. Qd2 a6 8. f3
Be7 9. Bc4 Bd7 10. O-O-O Ne5 11. Bb3 Qc7 12. f4 Nc4 13. Qe2 Rc8 14. Bxc4 Qxc4
15. Qxc4 Rxc4 16. Rhe1 h6 17. Bh4 Rc5 18. Bf2 Rc8 19. h3 Nh5 20. Nde2 Bc6 21.
g4 Nf6 22. Ng3 Nd7 23. Bd4 O-O 24. Nh5 e5 25. Be3 g6 26. Ng3 Kh7 27. f5 g5 28.
Nh5 Rfd8 29. Rf1 Nf6 30. Nxf6+ Bxf6 31. Bb6 Rd7 32. Rd2 Bd8 33. Bxd8 Rcxd8 34.
Nd5 Bxd5 35. Rxd5 Kg7 36. Rfd1 Kf6 37. c4 b6 38. b4 Ke7 39. Kb2 Rc8 40. Kb3 Rc6
41. a4 Rdc7 42. f6+ Kxf6 43. Rxd6+ Ke7 44. Rxc6 Rxc6 45. Rd5 f6 46. b5 axb5 47.
Rxb5 Kd7 48. Kb4 Ke7 49. Rd5 Re6 50. Kb5 Ke8 51. c5 bxc5 52. Rxc5 Rd6 53. Rd5
Rxd5+ 54. exd5 e4 55. Kc4 e3 56. Kd3 Kd7 57. a5 Kd6 58. a6 1-0